| 000 | 00613nam a2200193 i 4500 | ||
|---|---|---|---|
| 001 | 132566 | ||
| 003 | ES-MaACL | ||
| 005 | 20230906194213.0 | ||
| 007 | t| | ||
| 008 | 070214s1930 sp r ||||1| spa d | ||
| 080 | _a396(04) | ||
| 100 | 1 |
_aRomier, Lucien. _999467 |
|
| 245 | 1 | 0 |
_aDignificación de la mujer / _cLucien Romier ; versión española por José de la Cueva. |
| 260 |
_aMadrid : _bEdiciones Literarias, _c1930 ( _fSáez Hermanos) |
||
| 300 |
_a292 p. ; _c19 x 13 cm. |
||
| 650 | 4 |
_aMujeres- _xSituación social- _yS.XX. _9167814 |
|
| 700 | 1 |
_aCueva, José de la. _942086 |
|
| 852 | 4 |
_aES-MaACL _jB-12322 |
|
| 999 |
_c132566 _d132566 |
||